000 00776nam a2200253Ia 4500
003 OSt
005 20220916110914.0
006 a|||||r|||| 00| 0
007 ta
008 220915b |||||||| |||| 00| 0 hin d
024 _a269422
037 _cTextbook
040 _bhin
_aARTS
_cARTS
041 _ahin
082 _aO15,1D40,M, 152L7(EPS)
100 _aकालिदास
245 0 _aमेघदूतम्
246 _aMeghadūtam
260 _aदिल्ली
_bमोतीलाल बनारसीदास भारत
_c1977
300 _a202पण्
_ccm.
650 _aहिन्दी साहित्य
942 _hO15,1D40,M, 152L7(EPS)
_cTB
_2CC
999 _c100942
_d100942